000 00453nam a2200193Ia 4500
005 20240823035154.0
008 240823s9999||||xx |||||||||||||| ||und||
020 _a978-81-288-3843-9
041 _aENGLISH
082 _A813.54 Q2
100 _aRajeev Ranjan
245 0 _aLove @ Internet
250 _a1st
260 _c2012
_b"Diamond Books,New "
_aNew Delhi
500 _aLOST
650 _aInternet
_bGeneral
942 _cBK
999 _c200045
_d200045